Determination of Appropriate Amount of the Royalties to the Transfer of Intellectual Property

Problematika príslušných licenčných poplatkov pri prevode a oceňovaní duševného vlastníctva. Oblasť prevodu duševného vlastníctva pre prax, priemysel, inovácie alebo rozvoj spoločnosti. Prevod zvolenej časti duševného vlastníctva súvisí s ocenením časti duševného vlastníctva.

Enregistré dans:
Détails bibliographiques
Auteur principal: Kardoš, Peter
Autres auteurs: Havier, Jan, 1989-
Format: Chapitre de livre
Langue:slovaque
Sujets:
Tags: Ajouter un tag
Pas de tags, Soyez le premier à ajouter un tag!

MARC

LEADER 00000nla a2200000 4500
001 0213022
005 20240502083534.3
041 0 |a slo 
044 |a CZ 
245 1 0 |a Determination of Appropriate Amount of the Royalties to the Transfer of Intellectual Property  |c Peter Kardoš, Jan Havier 
520 |a Problematika príslušných licenčných poplatkov pri prevode a oceňovaní duševného vlastníctva. Oblasť prevodu duševného vlastníctva pre prax, priemysel, inovácie alebo rozvoj spoločnosti. Prevod zvolenej časti duševného vlastníctva súvisí s ocenením časti duševného vlastníctva. 
610 2 0 |a vlastníctvo duševné 
610 2 0 |a licencie patentové 
610 2 0 |a poplatky 
610 2 0 |a ochrana informácií 
610 2 0 |a ochrana práv priemyselných 
610 2 0 |a know-how 
610 2 0 |a oceňovanie 
610 2 0 |a hodnota 
100 1 |a Kardoš, Peter 
700 1 |a Havier, Jan, 1989-